000 00342nam a22001577a 4500
003 SGT
020 _a9781119391968
082 _a616.0757
_bM19W
100 _aWESTBROOK, CATHERINE
245 _aMRI IN PRACTICE
250 _a5TH
260 _aU.K.
_bWILEY BLACK PUB
_c2019
300 _a395
650 _aRADIOLOGY
942 _2ddc
_cBK
_068
999 _c23741
_d23741